000 00332nam a22001457a 4500
003 SGT
020 _a818974758-4
082 _a611
_bBAN
100 _aBANSAL, RAJPAL
245 _aESSENTIALS OF HUMAN ANATOMY AND PHYSIOLOGY
260 _aINDIA
_bBIRLA PUB.
_c2026
300 _a616
650 _aHUMAN ANATOMY
942 _2ddc
_cBK
999 _c32869
_d32869